大雄的恐龙 (Record no. 62660)

000 -LEADER
fixed length control field 00511nam a22001937a 4500
003 - CONTROL NUMBER IDENTIFIER
control field MPLRDC
005 - DATE AND TIME OF LATEST TRANSACTION
control field 20220104184008.0
008 - FIXED-LENGTH DATA ELEMENTS--GENERAL INFORMATION
fixed length control field 210129b ||||| |||| 00| 0 eng d
020 ## - INTERNATIONAL STANDARD BOOK NUMBER
International Standard Book Number 7-5391-3751-3
082 ## - DEWEY DECIMAL CLASSIFICATION NUMBER
Classification number 947.47 TZBEX-89
100 ## - MAIN ENTRY--PERSONAL NAME
Personal name 藤子不二雄
245 ## - TITLE STATEMENT
Title 大雄的恐龙
Statement of responsibility, etc. 石晓明 译
250 ## - EDITION STATEMENT
Edition statement 一版一刷
260 ## - PUBLICATION, DISTRIBUTION, ETC.
Place of publication, distribution, etc. 中国
Name of publisher, distributor, etc. 二十一世纪出版社
Date of publication, distribution, etc. 2007
300 ## - PHYSICAL DESCRIPTION
Other physical details
490 ## - SERIES STATEMENT
Series statement 电影哆啦A梦
650 ## - SUBJECT ADDED ENTRY--TOPICAL TERM
Topical term or geographic name entry element 哆啦A梦电影漫画
942 ## - ADDED ENTRY ELEMENTS (KOHA)
Koha item type Book
-- 947.47 TZBEX-89
Holdings
Withdrawn status Lost status Source of classification or shelving scheme Damaged status Not for loan Collection code Home library Current library Shelving location Date acquired Cost, normal purchase price Total Checkouts Full call number Barcode Date last seen Date last checked out Price effective from Koha item type Public note
            Malaysian Public Library, Research and Development Centre Malaysian Public Library, Research and Development Centre   09/08/2009 12.80   947.47 TZBEX-89 00057181 18/03/2021 28/01/2018 18/03/2021 Book mplrdc

© 2022. Malaysian Public Library, Research and Development Centre. All Right ReservedE-mailmplrdc@help.edu.my 

Powered by Koha